Workplace discourse

সংরক্ষণ করুন:
গ্রন্থ-পঞ্জীর বিবরন
প্রধান লেখক: Koester, Almut (Author)
বিন্যাস: গ্রন্থ
ভাষা:ইংরেজি
প্রকাশিত: Londres Continuum 2010
মালা:Continuum Discourse
বিষয়গুলি:
ট্যাগগুলো: ট্যাগ যুক্ত করুন
কোনো ট্যাগ নেই, প্রথমজন হিসাবে ট্যাগ করুন!

MARC

LEADER 00000nam a2200000 a 4500
001 UCG4952
003 CL-VaPUC
008 101216e20100000UK |||||||||||||||||eng|d
020 |a 9781847061157 
082 0 4 |a 420.141  |b KOE  |2 21 
100 0 |a Koester, Almut  |e author  |9 554446 
245 1 0 |a Workplace discourse 
300 |a 191 p 
942 |c BK 
945 |d 20101216 00:00:00  |a dcastane 
260 |a Londres  |b Continuum  |c 2010 
650 0 |a Discurso  |9 351973 
650 0 |a Análisis del discurso  |9 256696 
650 0 |a Inglés comercial  |9 323356 
583 |a last modification  |c 20101216 00:00:00  |k Rodrigo Vera 
490 0 |a Continuum Discourse 
999 |c 343551  |d 343549 
952 |0 0  |1 0  |4 0  |6 420_141000000000000_KOE_2010  |7 0  |8 A  |9 440929  |a FDOPOS  |b FDOPOS  |d 2019-11-22  |i 474263K  |o 420.141 KOE 2010  |p 474263K  |r 2025-01-22  |w 2019-11-22  |y BK  |k DLA